Online
Catalog
Normal view MARC view

Entry Nombre personal

Number of records used in: 1

001 - NÚMERO DE CONTROL

  • campo de control: 83514

003 - IDENTIFICADOR DEL NÚMERO DE CONTROL

  • campo de control: DO-SdBNP

005 - FECHA Y HORA DE LA ÚLTIMA TRANSACCIÓN

  • campo de control: 20230606154905.0

008 - DATOS DE LONGITUD FIJA

  • campo de control de longitud fija: 230606|| aca||aabn | a|a d

040 ## - FUENTE DE LA CATALOGACIÓN

  • Centro catalogador/agencia de origen: DO-SdBNP
  • Centro/agencia transcriptor: DO-SdBNP

100 ## - ENCABEZAMIENTO-NOMBRE DE PERSONA

  • Fechas asociadas al nombre: 1935-2019

670 ## - FUENTE DE DATOS ENCONTRADOS

  • Cita de la fuente: Work cat.: (DO-SdBNP)53736: Deive, Carlos Esteban, 1935-2019, Diccionario de dominicanismos. /

Powered by Koha